Viagem ao interior do corpo humano (Record no. 44761)

MARC details
000 -Etiqueta do registo
Valores 00379nam a2200157 4500
100 ## - Dados gerais de processamento
Dados gerais 20250917 pory50
101 ## - Língua de publicação
Língua por
-- ing
102 ## - País de publicação
País PT
200 ## - Titulo e menção de responsabilidade
Título próprio Viagem ao interior do corpo humano
Primeira menção de responsabilidade National Geographic
210 ## - Publicação
Local de publicação [S.l.]
Nome do editor National Geographic
Data de publicação [2010]
215 ## - Descrição física 
Paginação / Volumes 1 DVD
675 ## - CDU
Notação 611
801 ## - Fonte de origem
País PT
Regras de catalogação RPC
990 ## - Elementos KOHA
Tipo de documento Filme DVD
Holdings
Aquisição Empréstimo Código de barras Cota Permissão de empréstimo Tipo de documento Nota relativa ao exemplar
Biblioteca Escolar Doutor Hernâni Cidade Biblioteca Escolar Doutor Hernâni Cidade 80936 DOC NAT GEOG   Filme DVD 473 documentário sobre o corpo humano

Powered by Koha